Sociologia del sesso /

Gardado en:
Detalles Bibliográficos
Outros autores: De Marchi, Luigi, (1927-2010)
Formato: Libro
Idioma:Lingua italiana
Publicado: Bari : Laterza, 1963
Series:Libri del tempo Laterza ; 74
Subjects:
Tags: Engadir etiqueta
Sen Etiquetas, Sexa o primeiro en etiquetar este rexistro!

MARC

LEADER 00000nam a22000007i 4500
001 IT\ICCU\LO1\0018183
003 ItRI
005 20260202131954.0
008 890403s1963 it |||||| ||||| |||||c
015 |2 IT  |a 632448 
040 |b ita  |c ct 
041 7 |a ita  |2 ISO-639-2 
082 |a 306.7  |2 19 
245 0 0 |a Sociologia del sesso /  |c [a cura di] Luigi De Marchi. 
260 |a Bari :  |b Laterza,  |c 1963 
300 |a 298 p. ;  |c 21 cm. 
650 7 |a Sesso 
650 7 |a Sesso  |x Aspetti sociologici  |x Antologie  |2 scbi 
650 7 |a Engels, Friederich  |x Teoria della sessualita  |2 scbi 
650 7 |a Bebel, August  |x Teoria della sessualita  |2 scbi 
650 7 |a Ellis, Haveloch  |x Teoria della sessualita  |2 scbi 
650 7 |a Freud, Sigmund  |x Teoria della sessualita  |2 scbi 
650 7 |a Stekel, Wilhelm  |x Teoria della sessualita  |2 scbi 
650 7 |a Bachhofen, Johan Jakob  |x Teoria della sessualita  |2 scbi 
650 7 |a Malinowski, Bronislaw  |x Teoria della sessualita  |2 scbi 
650 7 |a Malthus, Thomas Robert  |x Teoria della sessualita  |2 scbi 
650 7 |a Blacker, Carlos Paton  |x Teoria della sessualita  |2 scbi 
650 7 |a Russell, Bertrand  |x Teoria della sessualita  |2 scbi 
650 7 |a Lawrence, David Herbert  |x Teoria della sessualita  |2 scbi 
650 7 |a Reich, Wilhelm  |x Teoria della sessualita  |2 scbi 
650 7 |a SESSO  |x TEORIE 
700 1 |a De Marchi, Luigi,  |d  (1927-2010)  |0 IT\ICCU\CFIV\090052 
830 0 |a Libri del tempo Laterza ;  |v 74  |0 IT\ICCU\CFI\0002018 
942 |2 ddc  |c BK 
952 |0 0  |1 0  |2 ddc  |4 0  |7 0  |9 6070  |a MI  |b MI  |d 1987-12-14  |i 752  |l 0  |p CDOM752  |r 2025-07-13 16:28:00  |w 2025-07-13  |x ACQUISTO  |y BK 
952 |0 0  |1 0  |4 0  |6 DOC_392_600000000000000_DEM  |7 0  |9 24127  |a BO  |b BO  |d 2026-01-15  |i 1037  |l 0  |o DOC 392.6 DEM  |p BO1037  |r 2026-01-15 23:23:23  |w 2026-01-15  |x [Sebina 5] [1 v.]  |y BK  |z 1 v. 
999 |c 4848  |d 4848